Nové trendy v koučování

Koučovanie je mladý odbor, ktorý sa však búrlivo vyvíja a v dnešnej dobe ho už využíva väčšina organizácií. Koučovanie ako spôsob života a práce s ľuďmi. Zaradenie koučovania v riadení ľudských zdrojov.

Gespeichert in:
Bibliographische Detailangaben
1. Verfasser: Hejduková, Klára
Format: Buchkapitel
Sprache:Tschechisch
Schlagworte:
Tags: Tag hinzufügen
Keine Tags, Fügen Sie das erste Tag hinzu!

MARC

LEADER 00000naa a2200000 4500
001 0126605
005 20231113132715.9
041 0 |a cze 
044 |a CZ 
245 1 0 |a Nové trendy v koučování  |c Klára Hejduková 
520 |a Koučovanie je mladý odbor, ktorý sa však búrlivo vyvíja a v dnešnej dobe ho už využíva väčšina organizácií. Koučovanie ako spôsob života a práce s ľuďmi. Zaradenie koučovania v riadení ľudských zdrojov. 
610 2 0 |a koučovanie 
610 2 0 |a rozvoj pracovníkov 
610 2 0 |a riadenie ľudských zdrojov 
100 1 |a Hejduková, Klára